| 000 | 00908cam a22002771 4500 | ||
|---|---|---|---|
| 001 | 33734 | ||
| 003 | BD-RjUL | ||
| 005 | 20211209052042.0 | ||
| 008 | 140511t1956 nyua 001 0 eng d | ||
| 035 | _a(BD-RjUL)33825 | ||
| 035 | _a(OCoLC)3177630 | ||
| 040 |
_aDLC _cOC _dOCoLC _dDLC _dBD-RjUL _beng |
||
| 041 | _aeng | ||
| 082 | 0 | 4 |
_a301.7 _bSOC 1956 |
| 245 | 1 | 0 |
_aSocieties around the world / _cPrepared at the University of Kentucky by Irwin T. Sanders, editor, Richard B. Woodbury, asst. editor, Frank J. Essene [and others] |
| 250 | _aA new shorter ed.: | ||
| 260 |
_aNew York : _bDryden Press, _cc1956 |
||
| 300 |
_a811 p. : _bill. ; _c25 cm. |
||
| 504 | _aIncludes index. | ||
| 650 | 0 |
_aPrimitive societies. _934457 |
|
| 700 | 1 |
_aBecker, Howard Paul, _d1899-1960, _eed. _9102423 |
|
| 700 | 1 |
_aSanders, Irwin Taylor, _9102424 |
|
| 942 |
_2ddc _cBK |
||
| 999 |
_c33734 _d33734 |
||